000 01296aab a2200241 i 4500
001 768714001
003 CO-MdFUSB
005 20240703143622.0
008 240703t1993 sz ||||| |||| 00| 0 eng d
040 _bspa
_cCO-MdFUSB
041 _aeng
100 1 _aBrown, Margrethe B. J.
_eautor
245 _aReformed identity from one north American perspective
_c/ Margrethe B. J. Brown
520 _aA veces es difícil entender plenamente una herencia: ¿Cómo llegó a ser nuestra? ¿Qué vamos a hacer con ello? ¿Cómo se debe utilizar, según los deseos de sus antepasados ​​desconocidos o como mejor nos parezca? Así de claros parecen los dilemas de muchos norteamericanos que se consideraban miembros de la familia reformada. La situación exigió que vivieran su fe en un entorno cultural, social, político y económico radicalmente diferente al de cualquier lugar de Europa en la época de la Reformación.
546 _aTexto en inglés.
650 0 _aIglesia y problemas mundiales
_9912
650 0 _aReforma de la iglesia
_9958
650 0 _aMisiones
_9154
650 0 _aVida cristiana
_919
773 0 _tReformed World
_049396
_959544
_gVolumen 43 (número 1 & 2, 1993) páginas: 10 - 14
_qpágina: 10
942 _cANA
945 _aCatherine Arias Álvarez - Practicante SENA
999 _c55343
_d55343